000 00762nab a2200241 u 4500
001 21182
003 HDC
007 cr bn ---aaaaa
008 210306c20101005xx dr|noo 0 a eng d
040 _aHDC
245 0 _aUK: Secret Halal Meat Sale - Why not Label it?
300 _a1 online resource
336 _atext
_2rdacontent
337 _acomputer
_2rdamedia
338 _aonline resource
_2rdacarrier
650 _aHalal beef
_92249
650 _aritually slaughtered
_918802
710 _aChristianvoice.org.uk
856 _zRequest full-text at [email protected]
942 _2lcc
942 _cNEWS
942 _kNWSO 006492
999 _c18498
_d18498